[Event "Utebo Hotel el Aguila-B"]
[Site "Utebo"]
[Date "2018.06.20"]
[Round "5"]
[White "Siludakis, Hernan"]
[Black "Eizaguerri Floris, Maria"]
[Result "0-1"]
[WhiteElo "1850"]
[BlackElo "1999"]
[PlyCount "88"]
[EventDate "2018.06.18"]
[EventType "tourn"]
[EventRounds "9"]
[EventCountry "ESP"]
[SourceTitle "EXT 2024"]
[Source "ChessBase"]
[SourceDate "2023.10.10"]
[SourceVersion "1"]
[SourceVersionDate "2023.10.10"]
[SourceQuality "1"]

1. g3 d5 2. Bg2 c6 3. d3 Bg4 4. Nd2 Nd7 5. Ngf3 e5 6. c3 Ngf6 7. e4 dxe4 8. dxe4 Be7 9. 0-0 0-0 10. Qc2 b5 11. Rd1 Qc7 12. h3 Bh5 13. g4 Bg6 14. Nh4 Nc5 15. Nxg6 hxg6 16. Nf1 a5 17. Bg5 Nh7 18. Be3 Rfd8 19. Nh2 Ne6 20. Nf3 Nhg5 21. Bxg5 Bxg5 22. a4 Be7 23. Bf1 Nf4 24. axb5 cxb5 25. Bxb5 Nxh3+ 26. Kh2 Nf4 27. b3 Qb6 28. Bc4 Qc5 29. Qa2 Rf8 30. Kg3 g5 31. Rh1 Qc6 32. Rae1 Qf6 33. Qd2 Rfd8 34. Qc1 Nd3 35. Qe3 Nxe1 36. Rxe1 Rac8 37. Bd5 Qf4+ 38. Kh3 Qxe3 39. Rxe3 Bf6 40. Kg2 g6 41. Kf1 Kg7 42. Nd2 Rc5 43. Nc4 a4 44. bxa4 Rdxd5 0-1

[Event "Burjassot U2200 op 5th"]
[Site "Burjassot"]
[Date "2017.10.27"]
[Round "7"]
[White "Siludakis, Hernan"]
[Black "Pedrero Gil, Francisco"]
[Result "1-0"]
[WhiteElo "1887"]
[BlackElo "1652"]
[PlyCount "77"]
[EventDate "2017.09.08"]
[EventType "swiss"]
[EventRounds "7"]
[EventCountry "ESP"]
[SourceTitle "EXT 2024"]
[Source "ChessBase"]
[SourceDate "2023.10.10"]
[SourceVersion "1"]
[SourceVersionDate "2023.10.10"]
[SourceQuality "1"]

1. c4 c5 2. Nc3 Nc6 3. g3 g6 4. Bg2 Bg7 5. e3 Nf6 6. a3 0-0 7. Rb1 a5 8. d4 cxd4 9. exd4 d6 10. b4 Bf5 11. Rb2 axb4 12. axb4 Nd7 13. Be3 h5 14. Nf3 Nf6 15. h3 Ne4 16. Ne2 Bd7 17. Nh4 Nf6 18. 0-0 Ne8 19. Qd2 Qc8 20. Kh2 Bf6 21. Bg5 Nd8 22. Rc1 Ne6 23. Bxf6 Nxf6 24. d5 Nc7 25. Qh6 Bf5 26. Nd4 Nce8 27. Nhxf5 gxf5 28. c5 dxc5 29. bxc5 Qd7 30. Rxb7 Qxb7 31. d6 Qd7 32. Bxa8 exd6 33. Bc6 Qd8 34. Qg5+ Kh7 35. Qxf5+ Kh8 36. Bxe8 Nxe8 37. Qxh5+ Kg8 38. Nf5 Qf6 39. Rc4 1-0

[Event "Valencia Torrefiel U2200 op"]
[Site "Valencia"]
[Date "2015.06.26"]
[Round "1.2"]
[White "Bertomeu Ginestar, Antoni"]
[Black "Siludakis, Hernan"]
[Result "0-1"]
[WhiteElo "1321"]
[BlackElo "1890"]
[PlyCount "108"]
[EventDate "2015.06.26"]
[EventType "swiss"]
[EventRounds "6"]
[EventCountry "ESP"]
[SourceTitle "EXT 2024"]
[Source "ChessBase"]
[SourceDate "2023.10.10"]
[SourceVersion "1"]
[SourceVersionDate "2023.10.10"]
[SourceQuality "1"]

1. e4 d5 2. exd5 Nf6 3. d4 Nxd5 4. h3 g6 5. Nf3 Bg7 6. Bc4 b6 7. 0-0 Bb7 8. Re1 0-0 9. c3 Nd7 10. Bg5 N7f6 11. Nbd2 c5 12. dxc5 bxc5 13. Ne5 Qc7 14. Qb3 e6 15. Ndf3 a5 16. a4 Ba6 17. Bxd5 Nxd5 18. c4 Rab8 19. Qd1 Nb6 20. Bf4 Qb7 21. Nd3 Rbd8 22. Qc2 Bxc4 23. Nxc5 Qd5 24. Be3 Qh5 25. Nxe6 Bxe6 26. Bxb6 Rb8 27. Bd4 Bxh3 28. Bxg7 Qg4 29. Nh4 Rfc8 30. Qe4 Kxg7 31. Qe5+ Kg8 32. Qh2 Qxh4 33. Qxh3 Qxh3 34. gxh3 Rxb2 35. Re5 Rcc2 36. Rf1 Rc3 37. Rxa5 Rxh3 38. Kg2 Ra3 39. Rd1 Rb4 40. Rd8+ Kg7 41. Rda8 h5 42. Rg5 Raxa4 43. Rxa4 Rxa4 44. Kh3 f5 45. Rg2 Kf6 46. f3 g5 47. Re2 Ra3 48. Kg2 g4 49. fxg4 fxg4 50. Kf2 Rf3+ 51. Kg2 h4 52. Kh2 Kg5 53. Re8 Rf2+ 54. Kg1 Ra2 0-1